Platy manažérov akciových spoločností: náhodné čísla
Polemika o výške platov vrcholových manažérov akciových spoločností vo V. Británii a iných vyspelých krajinách. Mechanizmus stanovovania platov najvyšších výkonných predstaviteľov. Budúci trend vývoja manažérskych platov vo svete. (Prevzaté z The Economist, 3. júna 1995).
Uložené v:
| Médium: | Kapitola |
|---|---|
| Jazyk: | Slovak |
| Predmet: | |
| Tagy: |
Žiadne tagy, Buďte prvý, kto otaguje tento záznam!
|
MARC
| LEADER | 00000naa a2200000 4500 | ||
|---|---|---|---|
| 001 | r019920 | ||
| 005 | 20221205103041.6 | ||
| 041 | 0 | |a slo | |
| 044 | |a SK | ||
| 245 | 1 | 0 | |a Platy manažérov akciových spoločností: náhodné čísla |
| 520 | |a Polemika o výške platov vrcholových manažérov akciových spoločností vo V. Británii a iných vyspelých krajinách. Mechanizmus stanovovania platov najvyšších výkonných predstaviteľov. Budúci trend vývoja manažérskych platov vo svete. (Prevzaté z The Economist, 3. júna 1995). | ||
| 610 | 2 | 0 | |a platy |
| 610 | 2 | 0 | |a manažéri |
| 610 | 2 | 0 | |a diferenciácia mzdová |
| 610 | 2 | 0 | |a spoločnosti akciové |
| 610 | 2 | 0 | |a zárobky |
| 610 | 2 | 0 | |a mzdy |
| 610 | 2 | 0 | |a Veľká Británia |
| 610 | 2 | 0 | |a USA |
| 610 | 2 | 0 | |a Nemecko |
| 610 | 2 | 0 | |a Japonsko |